| 000 | 00414cam a2200169ua 4500 | ||
|---|---|---|---|
| 020 | _c1.40 | ||
| 041 |
_amal _h |
||
| 082 |
_a551.46 _bUDA/CH |
||
| 100 | _aUdayamoorthi, M S . | ||
| 245 |
_aChuttumulla kadal / _cUdayamoorthi M S. _hTextual Documents |
||
| 260 |
_aKonni : _bVenus Press & Book Depot, , _c1964. |
||
| 300 | _a116 ; . | ||
| 365 | _a1.40 | ||
| 504 | _a | ||
| 942 | _cBK | ||
| 999 |
_c4907 _d4907 |
||